| 000 | 00505nam a22001937a 4500 | ||
|---|---|---|---|
| 001 | 2128867 | ||
| 005 | 20180315044928.0 | ||
| 008 | 970124s1994 gr a 000 0 eng | ||
| 010 | _a 97100749 | ||
| 040 |
_aDLC _cDLC |
||
| 041 | _aeng | ||
| 080 | _a7 HOL | ||
| 100 | _a45 | ||
| 101 | _aART | ||
| 245 | 0 | 0 | _aGreek art books : |
| 906 |
_a7 _bcbc _corignew _d4 _encip _f19 _gy-gencatlg |
||
| 942 |
_2ddc _cBK |
||
| 999 |
_c45078 _d45078 |
||